|
|
|
|
| LEADER |
00000cam a2200000 7i4500 |
| 001 |
0000085779 |
| 005 |
20201104.0 |
| 008 |
201104 |
| 020 |
|
|
|a 9789671758403
|
| 041 |
0 |
|
|a Malay
|
| 090 |
0 |
0 |
|a 306.872
|b NAS
|
| 100 |
0 |
|
|a Nasrullah Amran
|
| 245 |
1 |
0 |
|a Surat cinta untuk isteri
|c Nasrullah Amran
|
| 260 |
|
|
|a Selangor :
|b Nasrullah Amran ,
|c 2019
|
| 300 |
|
|
|a 182 p. ;
|c 21 cm.
|
| 541 |
0 |
0 |
|c Purchased on 2020
|f 2020/7/1 PAZ
|h RM25.00
|
| 650 |
|
0 |
|a Husband and wife
|
| 650 |
|
0 |
|a Marriage
|
| 650 |
|
0 |
|a Wife
|
| 999 |
|
|
|a 0001637658
|b Book
|c Adult Collection
|e Cawangan Batu Pahat
|
| 999 |
|
|
|a 0001637659
|b Book
|c Adult Collection
|e Cawangan Pontian
|
| 999 |
|
|
|a 0001637661
|b Book
|c Adult Collection
|e Cawangan Bandar Tenggara
|
| 999 |
|
|
|a 0001637662
|b Book
|c Adult Collection
|e Cawangan Bukit Gambir
|
| 999 |
|
|
|a 0001637663
|b Book
|c Adult Collection
|e Cawangan Tmn. Ungku Tun Aminah
|
| 999 |
|
|
|a 0001637664
|b Book
|c Adult Collection
|e Cawangan Tangkak
|
| 999 |
|
|
|a 0001637665
|b Book
|c Adult Collection
|e Cawangan Muar
|
| 999 |
|
|
|a 0001637667
|b Book
|c Adult Collection
|e Cawangan Segamat
|
| 999 |
|
|
|a 0001637668
|b Book
|c Adult Collection
|e Cawangan Taman Sri Lambak
|
| 999 |
|
|
|a 0001637669
|b Book
|c Adult Collection
|e Cawangan Kota Tinggi
|
| 999 |
|
|
|a 0001637670
|b Book
|c Adult Collection
|e Cawangan Mersing
|
| 999 |
|
|
|a 0001637982
|b Book
|c Adult Collection
|e Perbadanan Perpustakaan Awam Johor
|
| 999 |
|
|
|a 0001637983
|b Book
|c Adult Collection
|e Perbadanan Perpustakaan Awam Johor
|
| 999 |
|
|
|a 0001637984
|b Book
|c Adult Collection
|e Cawangan Urban Transformation Centre
|
| 999 |
|
|
|a 0001637985
|b Book
|c Adult Collection
|e Cawangan AEON Kulaijaya
|